Computers (How things work)

Đã lưu trong:
Sonraí Bibleagrafaíochta
Formáid: Leabhar
Teanga:Undetermined
Foilsithe: Alexandria, Virginia Time-life Books 1990
Ábhair:
Clibeanna: Cuir Clib Leis
Gan Chlibeanna, Bí ar an gcéad duine leis an taifead seo a chlibeáil!
Thư viện lưu trữ: Trung tâm Học liệu Trường Đại học Cần Thơ
LEADER 00457nam a2200169Ia 4500
001 CTU_17896
008 210402s9999 xx 000 0 und d
020 |b Harvard-Yenching Institute 
082 |a 004 
082 |b C736 
245 0 |a Computers (How things work) 
260 |a Alexandria, Virginia 
260 |b Time-life Books 
260 |c 1990 
650 |a computers 
904 |i Minh, 970812 
980 |a Trung tâm Học liệu Trường Đại học Cần Thơ